00542nam a22001937a 450000500170000001000110001702000100002803500110003803700160004904000120006508200130007724500680009026000490015827000480020730000280025565000240028365000230030770000180033020170124110246.0 a915650 c43.00 a915650 bCen Lib/Ret aDPLbEN a616bPRO aProgress in clinical medicine in India /cedited by M.M.S.Ahuja bArnold-Heinemann PublishersaNew Delhic1978 bNew DelhiaAB/9, Safdarjang Enclavee110016 a684p. :c21cm(Hb)bill. aInternal medicine.  aTropical medicine. aAhuja, M.M.S.